[Notebook containing details of subscribers to a canteen of cutlery and plate presented to Thomas Brent in recognition of his 20 years' service as Honorary Secretary to the Surrey Branch] (Record no. 116579)

MARC details
000 -LEADER
fixed length control field 00657ckm a22001935a 4500
001 - CONTROL NUMBER
control field L141086
008 - FIXED-LENGTH DATA ELEMENTS--GENERAL INFORMATION
fixed length control field 071026s1930 xxk eng u
035 ## - SYSTEM CONTROL NUMBER
System control number (Sirsi) u141086
041 0# - LANGUAGE CODE
Language code of text/sound track or separate title eng
110 2# - MAIN ENTRY--CORPORATE NAME
Corporate name or jurisdiction name as entry element Royal Institution of Chartered Surveyors
Subordinate unit Surrey Branch
9 (RLIN) 846
245 01 - TITLE STATEMENT
Title [Notebook containing details of subscribers to a canteen of cutlery and plate presented to Thomas Brent in recognition of his 20 years' service as Honorary Secretary to the Surrey Branch]
Medium [manuscript]
260 ## - PUBLICATION, DISTRIBUTION, ETC.
Date of publication, distribution, etc. 1930
300 ## - PHYSICAL DESCRIPTION
Extent 1 v.
Dimensions 11 x 16 cm.
340 ## - PHYSICAL MEDIUM
Material base and configuration Ink on paper
351 ## - ORGANIZATION AND ARRANGEMENT OF MATERIALS
Hierarchical level Single item
651 4# - SUBJECT ADDED ENTRY--GEOGRAPHIC NAME
Geographic name Surrey
690 ## - LOCAL SUBJECT ADDED ENTRY--TOPICAL TERM (OCLC, RLIN)
Topical term or geographic name as entry element ABOUT RICS
942 ## - ADDED ENTRY ELEMENTS (KOHA)
Suppress in OPAC 0
Holdings
Withdrawn status Lost status Source of classification or shelving scheme Damaged status Not for loan Home library Current library Shelving location Date acquired Total Checkouts Full call number Barcode Date last seen Copy number Price effective from Koha item type
    Dewey Decimal Classification     London London Basement 26/10/2007   BASEMENT BOX 3 141086-1001 06/08/2019 1 06/08/2019 Archive